Premier League Appearances by Nationality: Slovenia - Statistics

General Stats
  • This quiz has been taken 11 times
  • The average score is 1 of 5
Answer Stats
Appearances Player % Correct
19 Benjamin Sesko
100%
17 Milenko Acimovic
18%
57 Robert Koren
18%
12 Ales Krizan
0%
11 Jon Gorenc Stankovic
0%
No matching quizzes found
Score Distribution
Percent of People with Each Score
Percentile by Number Answered
Your Score History
You have not taken this quiz